| 000 | 02743cam a2200529Ia 4500 | ||
|---|---|---|---|
| 001 | ocn775301927 | ||
| 003 | TZ-ArACH | ||
| 005 | 20160705142730.0 | ||
| 006 | m o d | ||
| 007 | cr |n|---||||| | ||
| 008 | 120206s2012 ne o 000 0 eng d | ||
| 020 | _a9789966187611 | ||
| 035 |
_z(OCoLC)779881420 _z(OCoLC)780034593 _z(OCoLC)817060790 |
||
| 037 |
_a347084 _bMIL |
||
| 040 |
_beng _epn _cTZ-ArACH |
||
| 041 | _aEng | ||
| 043 | _af------ | ||
| 049 | _aTZAA | ||
| 050 | 4 |
_aKQE721 _b.S68 |
|
| 082 | 0 | 4 |
_a341.2 _223 |
| 100 | 1 |
_aState of the union _915446 |
|
| 245 | 1 | 4 |
_aStrengthening the peoples parliament in Africa: a legal & policy analysis of the new Pan-African Parliament Protocol _h[Printed book] : _ba legal & policy analysis of the new Pan-African Parliament Protocol / _cedited by Abdulqawi A. Yusuf and Fatsah Ouguergouz. |
| 260 |
_aNairobi _bState of the Union (SOTU) _c2016 |
||
| 270 |
_aThe Atrium, 2nd Floor, Chaka Road _bNairobi _cNairobi _dKenya _e00100 _k+254-20-2820000 _minfo@sotu-africa.org |
||
| 300 |
_ax; 48p. _bAnnexures |
||
| 505 | 0 | _a1. Introduction 2. Legal analysis of the revised protocol 3. Policy analysis & implications of the revised protocol 4. Opportunities & recommendations for citizen engagement Annexures | |
| 610 | 2 | 0 |
_aAfrican Union. _915447 |
| 610 | 2 | 7 |
_aAfrican Union. _2fast _915448 |
| 648 | 7 |
_aSince 1960 _2fast _918830 |
|
| 650 | 0 |
_aAfrican cooperation. _915450 |
|
| 650 | 7 |
_aLaw _xInternational. _2bisacsh _915451 |
|
| 650 | 7 |
_aAfrican cooperation. _2fast _915452 |
|
| 650 | 7 |
_aPolitical science. _2fast _915453 |
|
| 651 | 0 |
_aAfrica _xPolitics and government _y1960- _915454 |
|
| 651 | 7 |
_aAfrica. _2fast _915455 |
|
| 653 | _aDonation | ||
| 700 | 1 |
_aOuguergouz, Fatsah, _d1958- _915456 |
|
| 776 | 0 | 8 |
_iPrint version: _aYusuf, Abdulqawi A. _tAfrican Union: Legal and Institutional Framework. _dLeiden : BRILL, ©2012 _z9789004221000 |
| 856 | 4 | 0 |
_3Ebook Library _uhttp://public.eblib.com/choice/publicfullrecord.aspx?p=848682 |
| 856 | 4 | 0 |
_3EBSCOhost _uhttp://search.ebscohost.com/login.aspx?direct=true&scope=site&db=nlebk&db=nlabk&AN=432386 |
| 856 | 4 | 0 |
_3MyiLibrary _uhttp://www.myilibrary.com?id=347084 |
| 856 | 4 | 1 |
_3MyiLibrary, Table of contents _uhttp://www.myilibrary.com?id=347084&ref=toc |
| 942 |
_2lcc _cBOOK |
||
| 999 |
_c3334 _d3334 |
||